Les poissons et mammifères marins dans le langage familier - Statistiques

Statistiques générales
  • Ce quiz a été pris 170 fois
  • Le résultat moyen est 6 sur 18
Statistiques - réponses
Indice Poisson % Correct
proxénète maquereau
75%
bistrot bar
71%
femme laide thon
65%
dur en affaires requin
58%
parapluie baleine
55%
prostituée morue
53%
grade - tente sardine
45%
ligne droite raie
37%
successeur dauphin
36%
coiffeur merlan
30%
âne mulet
22%
gendarme - proxénète hareng
18%
femme âgée vieille
18%
gaule perche
16%
système de fixation goujon
6%
vieux proxénéète barbeau
5%
efflanqué maigre
4%
règle - filet carrelet
2%
Aucun quiz correspondant
Distribution des résultats
% des personnes avec chaque résultat
Percentile par nombre de réponses
Votre historique - résultats
Vous n’avez pas pris ce quiz